000
00215nam a22000857a 4500
082
_a
623.1 EXP'E
245
_a
EXPERIMENTAL OFFICER HANDBOOK NOTES ON AMMUNITION
260
_a
RAWALPINDI
_b
FEROZESONS
_c
1961
942
_c
BK
999
_c
584721
_d
584721